Welcome to CU Library Online Public Access Catalogue (OPAC)

Nursing Practice and Health Care (Record no. 7851)

MARC details
000 -LEADER
fixed length control field 00563nam a22001937a 4500
005 - DATE AND TIME OF LATEST TRANSACTION
control field 20251028125818.0
008 - FIXED-LENGTH DATA ELEMENTS--GENERAL INFORMATION
fixed length control field 251028b |||||||| |||| 00| 0 eng d
020 ## - INTERNATIONAL STANDARD BOOK NUMBER
International Standard Book Number 9780340928882
050 ## - LIBRARY OF CONGRESS CALL NUMBER
Classification number RT42
Item number .N868
245 ## - TITLE STATEMENT
Title Nursing Practice and Health Care
Statement of responsibility, etc. edited by Sue Hinchliff, Sue Norman & Jane Schober
250 ## - EDITION STATEMENT
Edition statement 5th ed.
260 ## - PUBLICATION, DISTRIBUTION, ETC.
Place of publication, distribution, etc. UK
Name of publisher, distributor, etc. Hodder Arnold
Date of publication, distribution, etc. 2008
300 ## - PHYSICAL DESCRIPTION
Extent xv. 581p.
Other physical details ill. some color
Dimensions 28cm
500 ## - GENERAL NOTE
General note includes index
700 ## - ADDED ENTRY--PERSONAL NAME
Personal name Hinchliff, Sue
700 ## - ADDED ENTRY--PERSONAL NAME
Personal name Norman, Sue
700 ## - ADDED ENTRY--PERSONAL NAME
Personal name Schober, Jane
942 ## - ADDED ENTRY ELEMENTS (KOHA)
Source of classification or shelving scheme Library of Congress Classification
Koha item type Books
Edition 5th ed.
Suppress in OPAC No
999 ## -
-- 7851
-- 7851
Holdings
Withdrawn status Lost status Source of classification or shelving scheme Damaged status Not for loan Collection Home library Current library Shelving location Date acquired Total checkouts Full call number Barcode Date last seen Copy number Price effective from Koha item type
    Library of Congress Classification     Non-fiction Science Library (Miotso) Science Library (Miotso) General stacks 10/28/2025   RT42 .N868 NUR SLM00004680 10/28/2025 1 10/28/2025 Books
    Library of Congress Classification     Non-fiction Science Library (Miotso) Science Library (Miotso) General stacks 10/28/2025   RT42 .N868 NUR SLM00004681 10/28/2025 2 10/28/2025 Books
    Library of Congress Classification     Non-fiction Science Library (Miotso) Science Library (Miotso) General stacks 10/28/2025   RT42 .N868 NUR SLM00004682 10/28/2025 3 10/28/2025 Books
    Library of Congress Classification     Non-fiction Science Library (Miotso) Science Library (Miotso) General stacks 10/28/2025   RT42 .N868 NUR SLM00004683 10/28/2025 4 10/28/2025 Books
    Library of Congress Classification     Non-fiction Science Library (Miotso) Science Library (Miotso) General stacks 10/28/2025   RT42 .N868 NUR SLM00004684 10/28/2025 5 10/28/2025 Books
    Library of Congress Classification     Non-fiction Science Library (Miotso) Science Library (Miotso) General stacks 10/28/2025   RT42 .N868 NUR SLM00004685 10/28/2025 6 10/28/2025 Books
    Library of Congress Classification     Non-fiction Science Library (Miotso) Science Library (Miotso) General stacks 10/28/2025   RT42 .N868 NUR SLM00004686 10/28/2025 7 10/28/2025 Books
© 2023-2024 Copyright: Central University Libraries. All Rights Reserved | Created by: Mahone Tech Office